MARC

Tag First Indicator Second Indicator Subfields
LEADER 00000nam a2200000 i 4500
001 in00005629921
006 m o d
007 cr cn|||||||||
008 210723s2021 ncu ob 001 0 eng c
005 20250331130453.8
010 |a  2021005487 
020 |a 9781478021797  |q (electronic book) 
020 |a 1478021799  |q (electronic book) 
020 |z 9781478013570  |q (hardcover) 
020 |z 1478013575  |q (hardcover) 
020 |z 9781478014508  |q (paperback) 
020 |z 1478014504  |q (paperback) 
035 |a (DLC)jstor22573/CTV1V7JTDX 
037 |a 22573/ctv1v7jtdx  |b JSTOR 
040 |a NhCcYBP  |c NhCcYBP 
042 |a pcc 
043 |a f-rw---  |a e-yu--- 
050 4 |a KZ7162  |b .J35 2021 
072 7 |a SOC  |x 032000  |2 bisacsh 
072 7 |a SOC  |x 010000  |2 bisacsh 
072 7 |a SOC  |x 008000  |2 bisacsh 
082 0 0 |a 341.6/9  |2 23 
084 |a SOC032000  |a SOC008000  |2 bisacsh 
100 1 |a Jaleel, Rana M.,  |d 1974-  |e author. 
245 1 4 |a The work of rape /  |c Rana M. Jaleel. 
264 1 |a Durham ;  |a London :  |b Duke University Press,  |c 2021. 
300 |a 1 online resource. 
336 |a text  |2 rdacontent  |b txt 
337 |a computer  |2 rdamedia  |b c 
338 |a online resource  |2 rdacarrier  |b cr 
504 |a Includes bibliographical references and index. 
505 0 |a The Work of Rape -- The US Sex Wars Meet the Ethnic Wars -- States of War, Men as State: The Tortured Americas, Genocidal Balkans, and the Sexual State Form -- My Own Private Genocide : From Ethnic War to the War on Terror -- Two Title IXs: Empire and the Transnational Production of "Welcomeness" on campus -- Poem about My Rights : Decolonial and Abolitionist Feminisms and the Work of Rape. 
588 |a Description based on online resource; title from title screen (viewed January 19, 2022). 
650 0 |a Rape as a weapon of war. 
650 0 |a Sex crimes  |z Rwanda. 
650 0 |a Sex crimes  |z Yugoslavia. 
650 0 |a Women and war. 
650 0 |a Women in war. 
650 0 |a Women  |x Violence against  |z Rwanda. 
650 0 |a Women  |x Violence against  |z Yugoslavia. 
650 0 |a Rape. 
650 0 |a International criminal law. 
650 0 |a International crimes. 
655 7 |a Electronic books.  |2 local 
776 1 8 |i Print version:  |a Jaleel, Rana M., 1974-  |t Work of rape.  |d Durham : Duke University Press, 2021  |z 9781478013570  |z 9781478014508  |w (DLC) 2021005486 
856 4 0 |u http://proxy.library.tamu.edu/login?url=https://www.jstor.org/stable/10.2307/j.ctv1v7zddh  |z Connect to the full text of this electronic book  |t 0 
955 |a JSTOR DDA record 
999 f f |s cf92fac1-f189-44d5-9b98-e362eb1e73b2  |i 5d10b2bd-1341-4d4f-9168-a34a5e060f65  |t 0 
952 f f |a Texas A&M University  |b College Station  |c Electronic Resources  |d Available Online  |t 0  |e KZ7162 .J35 2021  |h Library of Congress classification 
998 f f |a KZ7162 .J35 2021  |t 0  |l Available Online